00594 a2200169 4500010001400000020002400014035001300038037001800051082001300069245011000082260004500192270008900237300002600326500004000352700001900392700001300411 aENG-85779 a01956811326c595.00 aEN-69312 bD.B.Act / PUB14a333.91161 aManaging water resourcesbpolicies, institutions and technologiescedited by V. Ratna and S. Mahendra Dev aNew DelhibOxford University Pressc2006 aYMCA Library Building, Jai Singh Road,bNew Delhi, Akshaya PrakashancDelhie110 001 axix, 331p.c22cm (Hb) aIncludes bibliographical references aReddy, V Ratna aMahen, S